| 000 | 00925nam a2200277 i 4500 | ||
|---|---|---|---|
| 001 | 66852 | ||
| 003 | ES-MaACL | ||
| 005 | 20250825062629.0 | ||
| 007 | t| | ||
| 008 | 970903s2001 sp a |||| | spa d | ||
| 020 | _a84-7960-300-3 | ||
| 080 | _a087.5:82 | ||
| 100 | 1 |
_aEsteban Santos, Alicia. _948074 |
|
| 245 | 1 | 0 |
_aCuentos de la mitología griega. _n1, _pEn los cielos y en los infiernos / _cAlicia Esteban, Mercedes Aguirre ; ilustraciones de Siro López. |
| 250 | _a2ª ed. | ||
| 260 |
_aMadrid : _bEdiciones de la Torre, _c2001. |
||
| 300 |
_a126 p. : _bil. ; _c21 cm. |
||
| 490 | 1 |
_aAlba y mayo. Narrativa ; _v15 |
|
| 650 | 4 |
_aMitología griega- _vLibros infantiles. _9161016 |
|
| 655 | 7 |
_aLibros infantiles _2tgfbne _9226786 |
|
| 700 | 1 |
_aAguirre, Mercedes. _918842 |
|
| 700 | 0 |
_aSiro. _9106682 |
|
| 830 | 1 |
_aAlba y mayo. Narrativa ; _v15 _9225380 |
|
| 852 | 4 |
_aES-MaACL _jL-27338 |
|
| 999 |
_c66852 _d66852 |
||